000 00861cam a2200289 i 4500
999 _c200441149
_d59361
003 TR-AnTOB
005 20221104161025.0
007 ta
008 730912s1950 xx 000 0 eng
040 _aDLC
_beng
_erda
_cOClU
_dUk
_dDLC
_dTR-AnTOB
041 0 _aeng
050 0 4 _aHF5686.C8
_bS64 1956
090 _aHF5686.C8
_bS64 1956
100 1 _aSpecthrie, Samuel Waldo
_eauthor
_9130651
245 1 0 _aBasic cost accounting /
_cSamuel Waldo Specthrie.
250 _aFifth printing.
264 1 _aNew York :
_bPrentice-Hall,
_c1956.
300 _axi, 299 pages :
_billustrations ;
_c24 cm
336 _2rdacontent
_atext
_btxt
337 _2rdamedia
_aunmediated
_bn
338 _2rdacarrier
_avolume
_bnc
490 0 _aPrentice-Hall accounting series
650 0 _aCost accounting
_91098
942 _2lcc
_cBK